Az Emericana intelme

Elmentve itt :
Bibliográfiai részletek
Dokumentumtípus: Cikk
Megjelent: 1936-11-12
Sorozat:Délmagyarország 12 No. 267
Kulcsszavak:Diákszövetség egyetemi
Online Access:http://dmarchiv.bibl.u-szeged.hu/32919
LEADER 00401nab a2200145 i 4500
001 delm32919
005 20180927105631.0
008 180927s1936 hu o 0|| hun d
040 |a SZTE Délmagyarország Archívum  |b hun 
041 |a hun 
245 0 3 |a Az Emericana intelme  |h [elektronikus dokumentum] 
260 |c 1936-11-12 
300 |a 1 
490 0 |a Délmagyarország  |v 12 No. 267 
695 |a Diákszövetség egyetemi